MICROBIOLOGY FOR NURSES (Record no. 2146)

MARC details
000 -LEADER
fixed length control field 00310nam a2200145Ia 4500
082 ## - DEWEY DECIMAL CLASSIFICATION NUMBER
Classification number 616.01
Item number M13S
100 ## - MAIN ENTRY--PERSONAL NAME
Personal name SOOD, SEEMA
245 ## - TITLE STATEMENT
Title MICROBIOLOGY FOR NURSES
250 ## - EDITION STATEMENT
Edition statement 3RD
260 ## - PUBLICATION, DISTRIBUTION, ETC. (IMPRINT)
Name of publisher, distributor, etc ELSEVIER
Place of publication, distribution, etc INDIA
Year of Publication 2013
300 ## - PAGE DESCRIPTION
No. of Pages 363
650 ## - SUBJECT ADDED ENTRY--TOPICAL TERM
Topical term or geographic name as entry element MICROBIOLOGY
942 ## - ADDED ENTRY ELEMENTS (KOHA)
Source of classification or shelving scheme Dewey Decimal Classification
Koha item type Books
Holdings
Withdrawn status Lost status Source of classification or shelving scheme Damaged status Not for loan Collection code Home library Current library Shelving location Date acquired Vendor Name Cost, normal purchase price SGTU Bill Number Total Checkouts Total Renewals Full call number Accession No. (Barcode) Date last seen Date last borrowed Bill Date Koha item type
    Dewey Decimal Classification     NURSING SGT Medical Library SGT Medical Library Text Book 16/07/2013 ABC DELHI 210.00 SGTU 3617 37 1 616.01 M13S FN1196 06/01/2026 19/12/2025 16/07/2013 Books
    Dewey Decimal Classification     NURSING SGT Medical Library SGT Medical Library Text Book 16/07/2013 ABC DELHI 210.00 SGTU 3617 9   616.01 M13S FN1197 04/05/2026 31/01/2023 16/07/2013 Books
    Dewey Decimal Classification     NURSING SGT Medical Library SGT Medical Library Text Book 16/07/2013 ABC DELHI 210.00 SGTU 3617 31   616.01 M13S FN1198 06/01/2026 22/12/2025 16/07/2013 Books
    Dewey Decimal Classification     NURSING SGT Medical Library SGT Medical Library Text Book 16/07/2013 ABC DELHI 210.00 SGTU 3617 27   616.01 M13S FN1199 23/12/2025 23/12/2025 16/07/2013 Books
    Dewey Decimal Classification     NURSING SGT Medical Library SGT Medical Library Text Book 16/07/2013 ABC DELHI 210.00 SGTU 3617 24   616.01 M13S FN1200 06/01/2026 10/12/2025 16/07/2013 Books
    Dewey Decimal Classification     NURSING SGT Medical Library SGT Medical Library Text Book 06/07/2014 ABC DELHI 210.00 SGTU 4669 26   616.01 M13S FN1869 06/01/2026 22/12/2025 06/07/2014 Books